000 00701nam a2200265Ia 4500
003 OSt
005 20220912145111.0
006 a|||||r|||| 00| 0
007 ta
008 220909b |||||||| |||| 00| 0 eng d
024 _a66328
037 _cTextual
040 _aCSL
_beng
_cCSL
041 _aeng
082 _aB287, H7;5
100 _aWald Abraham
245 0 _aSequential analysis
260 _aNew York
_bDover
_c1947
300 _axii,212p.
_ccm.
490 _aDover Books on Intermediate and Advanced Mathematics
500 _aAppendix 157-208p
650 _aSequential analysis
942 _hB287, H7;5
_cTEXL
_2CC
999 _c23198
_d23198